• 首页
  • 本馆介绍
  • 公告通知
  • 最新文献
  • 馆藏检索
  • 电子资源
  • 读者导购
  • 参考咨询
  • 我的图书馆
  • 登录
  • 详细信息显示
  • 放入我的书架
  • 预约/预借图书
  • 作者相关作品
  • 分类相关作品
  • 丛书相关作品
  • 出版社相关作品

书目信息

  • 表格格式
  • 工作单格式
  • 卡片格式
题名:
农业信息化研究报告
    
 
作者: ;农业部 著
分册: 2016  
出版信息: 北京   中国农业出版社  2017.05
页数: 302页
开本: 26cm
丛书名:
单 册:
中图分类: S126 , F323.3
科图分类:
主题词: 农业--信息化--研究报告--江苏--2016
电子资源:
ISBN: 978-7-109-22883-2
000 01009nam0 2200253 450
001 1030
005 20180927144744.40
010    @a978-7-109-22883-2@dCNY58.00
100    @a20170802d2017 em y0chiy50 ea
101 0  @achi
102    @aCN@b110000
105    @aa z 000yy
200 1  @a农业信息化研究报告@9nong ye xin xi hua yan jiu bao gao@h2016@f农业部信息中心课题组著
210    @a北京@c中国农业出版社@d2017.05
215    @a302页@c图@d26cm
312    @a封面英文题名:Agricultural informatization research report. 2016
330    @a本书共分十二篇,主要内容包括:“互联网+”粮食安全、“互联网+”农业市场监管、“互联网+”农村社会治理、“互联网+”“三农”公共服务、“互联网+”农业资源环境保护、“互联网+”农业保险创新等。
510 1  @aAgricultural informatization research report@h2016@zeng
606 0  @a农业@x信息化@x研究报告@y江苏@z2016
690    @aS126@v5
690    @aF323.3@v5
711 02 @a农业部@9nong ye bu@b信息中心课题组@4著
801  0 @aCN@b91MARC@c20170802
905    @aMuseLib@dS126@e92
    
    农业信息化研究报告.2016/农业部信息中心课题组著.-北京:中国农业出版社,2017.05
    302页:图;26cm
    
    
    ISBN 978-7-109-22883-2:CNY58.00
    本书共分十二篇,主要内容包括:“互联网+”粮食安全、“互联网+”农业市场监管、“互联网+”农村社会治理、“互联网+”“三农”公共服务、“互联网+”农业资源环境保护、“互联网+”农业保险创新等。
●
相关链接 在E读中查询图书 在五车中查询图书 在当当中查询图书 在豆瓣中查询图书


正题名:农业信息化研究报告     索取号:S126/92         预约/预借

序号 登录号 条形码 馆藏地/架位号 状态 备注
1 1120834   211208343   第二样本阅览室/ [索取号:S126/92] 在馆    
2 1120835   211208352   第三借阅区/ [索取号:S126/92] 在馆    
3 1120836   211208361   第三借阅区/ [索取号:S126/92] 在馆    
4 1120837   211208370   第三借阅区/ [索取号:S126/92] 在馆    
5 1120838   211208389   密集书库-资源管理系/ [索取号:S126/92] 在馆    
唐山师范学院图书馆 欢迎您!
大连网信软件有限公司© 版权所有